| 000 | 01444cam a2200349 a 4500 | ||
|---|---|---|---|
| 001 | 4270196 | ||
| 005 | 20170822175115.0 | ||
| 008 | 840814m19821983sp a b f100 0 spa | ||
| 010 | _a 84199663 | ||
| 020 | _a8474833116 (set) | ||
| 020 | _a8474833124 (t. 1) | ||
| 020 | _a8474833132 (t. 2) | ||
| 040 |
_aBSU _cBSU _dBSU |
||
| 043 | _ae-sp--- | ||
| 050 | 0 | 0 |
_aPQ6106 _b.J67 1982 |
| 082 | 0 | 0 |
_a862.3 ESP _219 |
| 111 | 2 |
_aJornadas de Teatro Clásico Español _n(5th : _d1982 : _cAlmagro, Spain) _919584 |
|
| 245 | 1 | 0 |
_aV Jornadas de Teatro Clásico Español : _bel trabajo con los clásicos en el teatro contemporáneo : Almagro, 1982 / _cdirección y revisión de materiales, Juan Antonio Hormigón. |
| 260 |
_a[Madrid] : _bDirección General de Música y Teatro, Ministerio de Cultura, _c1982-[1983?] |
||
| 300 |
_a2 v. : _bill. ; _c17 cm. |
||
| 500 | _aCover title v. 1: 5o Festival de Teatro Clásico Español. | ||
| 500 | _aVol. 2 lacks other title information. | ||
| 504 | _aIncludes bibliographical references. | ||
| 650 | 0 |
_aSpanish drama _yClassical period, 1500-1700 _xHistory and criticism _xCongresses. _919585 |
|
| 650 | 0 |
_aDrama _xTechnique _xCongresses. _919586 |
|
| 658 | _aLiterature | ||
| 700 | 1 |
_aHormigón, Juan Antonio. _919587 |
|
| 740 | 0 | _a5as Jornadas de Teatro Clásico Español. | |
| 740 | 0 | _a5o Festival de Teatro Clásico Español. | |
| 906 |
_a7 _bcbc _corignew _d2 _encip _f19 _gy-gencatlg |
||
| 942 |
_2ddc _cBK |
||
| 999 |
_c9700 _d9700 |
||